Rubber tree: The future pharmaceutical factory (Record no. 72637)

MARC details
000 -LEADER
fixed length control field 00270nam a2200109Ia 4500
100 ## - MAIN ENTRY--AUTHOR NAME
Personal name Krishnakumar R.
245 #0 - TITLE STATEMENT
Title Rubber tree: The future pharmaceutical factory
260 ## - PUBLICATION, DISTRIBUTION, ETC. (IMPRINT)
Name of publisher Rubber
Year of publication 1995
300 ## - PHYSICAL DESCRIPTION
Number of Pages 13
942 ## - ADDED ENTRY ELEMENTS (KOHA)
Koha item type Malayalam
Holdings
Withdrawn status Lost status Damaged status Not for loan Home library Current library Date acquired Serial Enumeration / chronology Koha item type
      Journals RRII Library RRII Library 29/12/2021 Volume 351, Issue Malayalam